Le bourgeois gentilhomme (Record no. 182387)

MARC details
000 -LEADER
campo de control de longitud fija 00722nam a2200205 i 4500
001 - NÚMERO DE CONTROL
campo de control 182387
003 - IDENTIFICADOR DE NÚMERO DE CONTROL
campo de control ES-MaACL
005 - FECHA Y HORA DE LA ÚLTIMA TRANSACCIÓN
campo de control 20250918063043.0
008 - DATOS DE LONGITUD FIJA--INFORMACIÓN GENERAL
campo de control de longitud fija 130807s1933 fr |||| | fre d
100 1# - ENTRADA PRINCIPAL--NOMBRE DE PERSONA
Nombre de persona Molière,
Fechas asociadas al nombre 1622-1673
9 (RLIN) 81873
245 13 - MENCIÓN DEL TÍTULO
Título Le bourgeois gentilhomme
Resto del título : comédie-ballet /
Mención de responsabilidad, etc. Molière ; avec une notice.. par René d'Hermies.
250 ## - MENCION DE EDICION
Mención de edición [74 éd].
260 ## - PUBLICACIÓN, DISTRIBUCIÓN, ETC.
Lugar de publicación, distribución, etc. Paris :
Nombre del editor, distribuidor, etc. Larousse,
Fecha de publicación, distribución, etc. [1933]
300 ## - DESCRIPCIÓN FÍSICA
Extensión 114 p., [1] h. retr. ;
Dimensiones 17 cm.
490 1# - MENCIÓN DE SERIE
Mención de serie Classiques Larousse
700 1# - ENTRADA AGREGADA--NOMBRE PERSONAL
Nombre de persona Hermies, René d'.
9 (RLIN) 153196
830 0# - PUNTO DE ACCESO ADICIONAL DE SERIE-TÍTULO UNIFORME
Título uniforme Classiques Larousse
9 (RLIN) 189084
852 ## - LOCALIZACIÓN
Ubicación ES-MaACL
Número de control de estantería 2321-F-12
Nota libre .- Donat. herederos de la bibl. de Mª del Pilar Costa Palacín
Holdings
Estatus retirado Estado de pérdida Estado de daño No para préstamo Colección Biblioteca de origen Biblioteca actual Ubicación en estantería Fecha de adquisición Fuente de adquisición Total de préstamos Signatura topográfica completa Código de barras Visto por última vez Precio de reemplazo Tipo de ítem Koha
        Colección de folletos Biblioteca del Ateneo de Madrid Biblioteca del Ateneo de Madrid Depósito folletos 07/08/2013     2321-F-12 1191665 23/02/2023 23/02/2023 Folleto